Las leyes

Gardado en:
Detalles Bibliográficos
Autor Principal: Cicerón, Marco Tulio (autor)
Formato: Libro
Idioma:Lingua castelá
Publicado: Madrid Revista de Occidente 1956
Series:Biblioteca de Cultura Básica
Subjects:
Tags: Engadir etiqueta
Sen Etiquetas, Sexa o primeiro en etiquetar este rexistro!

MARC

LEADER 00000nam a2200000 a 4500
001 UCZ7844
003 CL-VaPUC
008 960112e19560000SP |||||||||||||||||spa|d
082 0 4 |a 186  |b CIC  |2 21 
100 |a Cicerón, Marco Tulio  |e autor  |9 255203 
245 1 4 |a Las leyes 
300 |a 209 p 
942 |c BK 
945 |d 19960112 00:00:00  |a rleighto 
260 |a Madrid  |b Revista de Occidente  |c 1956 
650 0 |a Filosofía antigua   |9 255705 
650 0 |a Filosofía romana   |9 344946 
650 0 |a Leyes  |9 256670 
650 0 |a Derecho romano  |9 255930 
583 |a last modification  |c 19960112 00:00:00  |k Rodrigo Vera 
490 0 |a Biblioteca de Cultura Básica 
999 |c 243840  |d 243838 
952 |0 0  |1 0  |4 0  |6 186_000000000000000_CIC_1956  |7 0  |8 A  |9 257666  |a BIBDER  |b BIBDER  |d 2019-11-19  |i 4130480  |o 186 CIC 1956  |p 4130480  |r 2023-01-25  |w 2019-11-19  |y BK  |k DER 
952 |0 0  |1 0  |4 0  |6 186_000000000000000_CIC_1956  |7 0  |8 A  |9 257667  |a BIBEDU  |b BIBEDU  |d 2019-11-19  |i 3169642  |o 186 CIC 1956  |p 3169642  |r 2019-11-19  |w 2019-11-19  |y BK  |k LIT